History Quiz

Random History or Politics Quiz

Country by Political Parties Quiz Stats

Quiz not verified by Sporcle

Challenge
Share
Tweet
Embed
Score 0/20 Timer 05:00
0 Plays Today
% Correct
United States
92.1%
Israel
88.9%
United Kingdom
87.3%
South Africa
83.3%
Germany
69%
Canada
47.6%
Australia
40.5%
Russia
38.9%
New Zealand
38.1%
Mexico
32.5%
% Correct
France
32.5%
Italy
32.5%
Iran
31.7%
Turkey
31%
Japan
26.2%
Spain
25.4%
Ghana
22.2%
Argentina
20.6%
Brazil
17.5%
India
17.5%

You're not logged in!

Compare scores with friends on all Sporcle quizzes.
Sign Up with Email
OR
Log In

You Might Also Like...

Show Comments

Extras

Top Quizzes Today


Score Distribution

Your Account Isn't Verified!

In order to create a playlist on Sporcle, you need to verify the email address you used during registration. Go to your Sporcle Settings to finish the process.